| 000 | 00450nam a2200169Ia 4500 | ||
|---|---|---|---|
| 003 | LK-CoDNM | ||
| 008 | 010623t1993 xxu||||| |||| 00| 1 eng d | ||
| 040 |
_aLK-CoDNM _dLK-CoDNM _eLK-CoDNM |
||
| 041 | _aeng | ||
| 080 |
_a(x) 929 _bJAY |
||
| 100 | _aJayawardena, Kumari | ||
| 245 | _aDr.Mary Rutnam : A Canadian pioneer in Sri Lanka | ||
| 260 |
_bSocial Scientists' Association _c1993 |
||
| 300 | _b47, 21 cm | ||
| 650 | _aBiography | ||
| 942 | _cBK | ||
| 999 |
_c115917 _d115917 |
||